|
|
|
|
| LEADER |
00000cmm a22000004a 4500 |
| 001 |
musev2_100151 |
| 003 |
MdBmJHUP |
| 005 |
20230905053506.0 |
| 006 |
m o d |
| 007 |
cr||||||||nn|n |
| 008 |
211209s2021 be o 00 0 eng d |
| 020 |
|
|
|a 9789461663955
|
| 035 |
|
|
|a (OCoLC)1305404453
|
| 040 |
|
|
|a MdBmJHUP
|c MdBmJHUP
|
| 041 |
0 |
|
|a eng
|a dut
|
| 245 |
0 |
0 |
|a Congoville (FR/NL) :
|b Des artistes contemporains sur les traces de la colonisation. Hedendaagse kunstenaars bewandelen koloniale sporen /
|c editorial direction: Pieter Boons, in collaboration with Sandrine Colard and Veerle De Laet.
|
| 264 |
|
1 |
|a Leuven (Belgium)
|b Leuven University Press
|c [2021]
|
| 264 |
|
3 |
|a Baltimore, Md. :
|b Project MUSE,
|c 2022
|
| 264 |
|
4 |
|c ©[2021]
|
| 300 |
|
|
|a 1 online resource (272 pages):
|b Illustrationen
|
| 336 |
|
|
|a text
|b txt
|2 rdacontent
|
| 337 |
|
|
|a computer
|b c
|2 rdamedia
|
| 338 |
|
|
|a online resource
|b cr
|2 rdacarrier
|
| 500 |
|
|
|a "This publication has been issued on the occasion of the exhibition 'Congoville', Middelheim Museum, Antwerp, Belgium (29 May 2021 - 3 October 2021).
|
| 506 |
0 |
|
|a Open Access
|f Unrestricted online access
|2 star
|
| 546 |
|
|
|a Text englisch und niederländisch.
|
| 588 |
|
|
|a Description based on print version record.
|
| 650 |
|
7 |
|a Kolonialismus
|g Motiv
|2 gnd
|
| 650 |
|
7 |
|a Kunst
|2 gnd
|
| 650 |
|
7 |
|a Museum
|2 gnd
|
| 651 |
|
7 |
|a Antwerpen
|2 gnd
|
| 651 |
|
7 |
|a Belgien
|2 gnd
|
| 651 |
|
7 |
|a Demokratische Republik Kongo
|2 gnd
|
| 655 |
|
7 |
|a Ausstellungskatalog
|x Middelheim Museum
|y 29.05.2021-03.10.2021
|z Antwerpen.
|0 (DE-588)4135467-9.
|2 gnd
|
| 655 |
|
7 |
|a Electronic books.
|2 local
|
| 700 |
1 |
|
|a Boons, Pieter
|d 1980-
|e Herausgeber.
|4 edt
|
| 710 |
2 |
|
|a Middelheimmuseum
|e Gastgebende Institution.
|4 his
|
| 710 |
2 |
|
|a Project Muse.
|e distributor
|
| 830 |
|
0 |
|a Book collections on Project MUSE.
|
| 856 |
4 |
0 |
|z Texto completo
|u https://projectmuse.uam.elogim.com/book/100151/
|